Library Banner

A commentry of lost history of Pakistan (Record no. 84098)

MARC details
000 -LEADER
fixed length control field 00383nam a22001457a 4500
005 - DATE AND TIME OF LATEST TRANSACTION
control field 20160303153929.0
008 - FIXED-LENGTH DATA ELEMENTS--GENERAL INFORMATION
fixed length control field 160303b xxu||||| |||| 00| 0 eng d
040 ## - CATALOGING SOURCE
Transcribing agency PK-LaUMT
082 ## - DEWEY DECIMAL CLASSIFICATION NUMBER
Classification number MMC 954.91
Item number ABD-C
100 ## - MAIN ENTRY--PERSONAL NAME
Personal name Abdus salam shamsi
245 ## - TITLE STATEMENT
Title A commentry of lost history of Pakistan
Statement of responsibility, etc Abdus salam shamsi
260 ## - PUBLICATION, DISTRIBUTION, ETC. (IMPRINT)
Place of publication, distribution, etc Lahore
Name of publisher, distributor, etc [ ]
Date of publication, distribution, etc 1985
300 ## - PHYSICAL DESCRIPTION
Extent 147 p.
942 ## - ADDED ENTRY ELEMENTS (KOHA)
Koha item type Books
Holdings
Withdrawn status Lost status Damaged status Home library Current library Date acquired Full call number Barcode Date last seen Price effective from Koha item type
      UMT Main Campus UMT Main Campus 2016-03-03 MMC 954.91 ABD-C 95952 2016-03-03 2016-03-03 Books